[Event "Dutch League 2023-24"]
[Site "Netherlands NED"]
[Date "2024.02.03"]
[Round "6.3"]
[White "Baltic, Fatih"]
[Black "Dugarov, Alexei"]
[Result "1-0"]
[WhiteTitle "FM"]
[WhiteElo "2271"]
[BlackElo "2180"]
[WhiteTeam "Zuid Limburg"]
[BlackTeam "HMC Den Bosch"]
[WhiteFideId "12979090"]
[BlackFideId "4185382"]
[EventDate "2023.09.16"]
[EventType "team"]

1. Nf3 c5 2. e4 e6 3. d3 d5 4. Nbd2 Nc6 5. g3 Nf6 6. Bg2 Be7 7. O-O Qc7 8. Re1
a5 9. a4 Nb4 10. exd5 exd5 11. Ne5 Ra6 12. c3 Re6 13. Ndf3 Nc6 14. Bf4 Nh5 15.
Ng6 Nxf4 16. Nxf4 Rd6 17. d4 Qb6 18. dxc5 Qxc5 19. Nd4 O-O 20. Nd3 Qa7 21. Nb5
Qb6 22. Nxd6 Bxd6 23. Bxd5 Ne7 24. Be4 f5 25. Bf3 Ng6 26. c4 f4 27. c5 Bxc5 28.
Nxc5 Qxc5 29. Qd5+ Qxd5 30. Bxd5+ Kh8 31. Be6 Ne7 32. Bxc8 Nxc8 33. Re6 Rd8 34.
Rae1 1-0

[Event "Dutch League 2023-24"]
[Site "Netherlands NED"]
[Date "2024.02.03"]
[Round "6.4"]
[White "Bosch, Jeroen"]
[Black "Lenaerts, Lennert"]
[Result "0-1"]
[WhiteTitle "IM"]
[BlackTitle "FM"]
[WhiteElo "2404"]
[BlackElo "2339"]
[WhiteTeam "HMC Den Bosch"]
[BlackTeam "Zuid Limburg"]
[WhiteFideId "1001280"]
[BlackFideId "211435"]
[EventDate "2023.09.16"]
[EventType "team"]

1. d4 Nf6 2. c4 e6 3. Nf3 d5 4. Qc2 Be7 5. g3 O-O 6. Bg2 c5 7. dxc5 Qa5+ 8. Bd2
Qxc5 9. Na3 Nc6 10. cxd5 Qxc2 11. Nxc2 Nxd5 12. O-O Rd8 13. Rad1 e5 14. Bc1 Be6
15. Ng5 Bxg5 16. Bxg5 f6 17. Bd2 a5 18. a3 Nb6 19. Bxc6 bxc6 20. Be3 Na4 21.
Rxd8+ Rxd8 22. Rc1 c5 23. Kf1 c4 24. Ke1 Rb8 25. Bd2 Rxb2 26. Ne3 Nc5 27. Nxc4
Bxc4 28. Rxc4 Nb3 29. Bc1 Rb1 30. Kd1 a4 31. e4 Kf7 32. h4 h5 33. f3 Ra1 34. Rc6
g6 35. Rc4 f5 36. Rc7+ Ke6 37. Rc6+ Kd7 38. Rc4 f4 39. gxf4 exf4 40. Rxa4 Rxc1+
41. Ke2 Rc2+ 42. Ke1 Ke6 43. Ra6+ Ke5 44. Rxg6 Kd4 45. Rb6 Nc5 46. Kd1 Ra2 0-1

[Event "Dutch League 2023-24"]
[Site "Netherlands NED"]
[Date "2024.02.03"]
[Round "6.5"]
[White "Bashylina, Luisa"]
[Black "Martens, Martin"]
[Result "1/2-1/2"]
[WhiteTitle "WFM"]
[BlackTitle "IM"]
[WhiteElo "2175"]
[BlackElo "2313"]
[WhiteTeam "Zuid Limburg"]
[BlackTeam "HMC Den Bosch"]
[WhiteFideId "12983292"]
[BlackFideId "1000683"]
[EventDate "2023.09.16"]
[EventType "team"]

1. d4 Nf6 2. c4 e6 3. Nc3 Bb4 4. a3 Bxc3+ 5. bxc3 c5 6. e3 Nc6 7. Bd3 b6 8. Nf3
Qe7 9. e4 e5 10. O-O d6 11. h3 h6 12. d5 Na5 13. Be3 Ba6 14. Nd2 Nd7 15. Qe2 Kd8
16. Rab1 Kc7 17. Nb3 Nxb3 18. Rxb3 Bc8 19. a4 a5 20. Rfb1 Rb8 21. R3b2 Ba6 22.
Rf1 g5 23. g3 Rbg8 24. Kg2 h5 25. Re1 f6 26. Rb3 Rb8 27. Kh2 Qe8 28. Reb1 Rb7
29. Re1 Kb8 30. Reb1 Ka7 31. f3 Qg6 32. Kg2 Qg7 33. Bf2 Nf8 34. Qb2 Qc7 35. Be3
Ng6 36. Qf2 Rhb8 37. Kh2 Qd7 38. Qa2 Rc7 39. Ra3 Bc8 40. Qg2 Qd8 41. Qd2 Rf7 42.
Rf1 Rg7 43. Rg1 Rbb7 44. Rb1 Qe8 45. Qb2 Bd7 46. Rb3 Qd8 47. Ra3 Ne7 48. Qd2 Qe8
49. Rba1 Qg6 50. g4 Rh7 51. Kg1 hxg4 52. hxg4 Rb8 53. Bf1 Rbh8 54. Bg2 Qh6 55.
Rb1 Rb8 56. Qb2 Qf8 57. Bf2 Ng6 58. Bg3 Be8 59. Rb3 Rhb7 60. Ra3 Qh6 61. Kf2 Nf4
62. Bxf4 gxf4 63. Rh1 Qg6 64. Qc1 Rh7 65. Ra1 Bd7 66. Rxh7 Qxh7 67. Qh1 Qg7 68.
Ke2 Rh8 69. Qg1 Rh4 70. Qf2 Rh2 71. Qg1 Qh6 72. Qf2 Bc8 73. Rb1 Qh8 74. Kd3 Bd7
75. Qb2 Qd8 76. Ra1 Bc8 77. Qf2 Qh8 78. Rb1 Qh7 79. Qb2 Qc7 80. Qf2 Bd7 81. Qg1
Rh8 82. Qd1 Rb8 83. Qc2 Qd8 84. Rh1 Qe8 85. Ra1 Rb7 86. Qb3 Qg8 87. Qc2 Be8 88.
Rb1 Qh7 89. Rh1 Qd7 1/2-1/2

[Event "Dutch League 2023-24"]
[Site "Netherlands NED"]
[Date "2024.02.03"]
[Round "6.6"]
[White "Hermeling, Caspar"]
[Black "Van Meegen, Ruud"]
[Result "0-1"]
[BlackTitle "FM"]
[WhiteElo "1966"]
[BlackElo "2275"]
[WhiteTeam "HMC Den Bosch"]
[BlackTeam "Zuid Limburg"]
[WhiteFideId "1031066"]
[BlackFideId "1034995"]
[EventDate "2023.09.16"]
[EventType "team"]

1. e4 c6 2. d3 d5 3. Nd2 e5 4. Ngf3 Bd6 5. d4 exd4 6. exd5 cxd5 7. Bb5+ Nc6 8.
Nxd4 Ne7 9. N2b3 O-O 10. O-O Ne5 11. f4 Nc4 12. Qe2 Qc7 13. Be3 Nxb2 14. Nd2 a6
15. Rab1 Ba3 16. Bd3 Nxd3 17. cxd3 Nf5 18. Nxf5 Bxf5 19. Nb3 Qc3 20. Rfd1 Rae8
21. Qf2 Bxd3 22. Bd4 Qc2 23. Qg3 Bg6 24. Rf1 Bd6 25. h4 Qd3 26. Qg4 Qf5 27. Qf3
h5 28. Nc5 b5 29. Nxa6 Qd3 30. Qxd5 Bxf4 31. Rfd1 Qg3 32. Qf3 Qh2+ 33. Kf2 Qxh4+
34. Kg1 Bh2+ 35. Kh1 Bg3+ 36. Kg1 Qh2+ 0-1

[Event "Dutch League 2023-24"]
[Site "Netherlands NED"]
[Date "2024.02.03"]
[Round "6.7"]
[White "Buscher, Michael"]
[Black "Mollema, Thomas"]
[Result "1/2-1/2"]
[WhiteTitle "FM"]
[BlackTitle "CM"]
[WhiteElo "2290"]
[BlackElo "2227"]
[WhiteTeam "Zuid Limburg"]
[BlackTeam "HMC Den Bosch"]
[WhiteFideId "4617533"]
[BlackFideId "1034987"]
[EventDate "2023.09.16"]
[EventType "team"]

1. Nf3 d5 2. b3 c5 3. e3 Nf6 4. Bb2 e6 5. c4 Nc6 6. Be2 Be7 7. O-O O-O 8. cxd5
exd5 9. d4 b6 10. Nc3 Bg4 11. dxc5 bxc5 12. Rc1 Rc8 13. Na4 Ne4 14. Nd2 Bxe2 15.
Qxe2 Nxd2 16. Qxd2 c4 17. bxc4 dxc4 18. Qxd8 Rfxd8 19. Rxc4 Nb4 20. Rxc8 Rxc8
21. Bd4 Nxa2 22. Bxa7 h5 23. g3 Kh7 24. Bd4 Rc1 25. Rxc1 Nxc1 26. Kg2 Nb3 27.
Bb2 Nd2 28. Nb6 Bd6 29. Nd5 Kg6 30. f3 Nc4 31. Bd4 Na5 32. e4 Nc6 33. Bc3 f6 34.
f4 Ne7 35. Ne3 Bc5 36. Kf3 Kf7 37. f5 Bxe3 38. Kxe3 g6 39. fxg6+ Kxg6 40. Kf4
Nc8 41. h4 Ne7 42. g4 hxg4 43. Kxg4 Ng8 44. Bd2 Ne7 45. h5+ Kf7 46. Bf4 Ng8 47.
Bc1 Ne7 48. Kf4 Nc6 49. Bb2 Ne7 50. Ba1 Nc6 51. Bc3 Ne7 52. Bb4 Ng8 53. Bd6 Kg7
54. Bc5 Kf7 55. Bb4 Kg7 56. Bd6 Kf7 57. Ke3 Ke6 58. Bb8 Ne7 59. Bf4 Nc6 60. Bg3
Ne7 61. Kd3 Nc6 62. Kc4 Na5+ 63. Kb4 Nc6+ 64. Kc5 Na5 65. Bc7 Nb3+ 66. Kc4 Nd2+
67. Kd3 Nf3 68. Bf4 Kf7 69. Ke3 Ne1 70. Bd6 Kg7 71. Ke2 Nc2 72. Bc5 Kh6 73. Kd2
Na1 74. Kc3 Kxh5 75. Be7 Kg6 76. Kb2 f5 77. e5 f4 78. Kxa1 Kf5 79. Bc5 1/2-1/2

[Event "Dutch League 2023-24"]
[Site "Netherlands NED"]
[Date "2024.02.03"]
[Round "6.8"]
[White "Victor, Julian"]
[Black "Gallasch, Jonas"]
[Result "1/2-1/2"]
[WhiteTitle "FM"]
[BlackTitle "FM"]
[WhiteElo "2304"]
[BlackElo "2293"]
[WhiteTeam "HMC Den Bosch"]
[BlackTeam "Zuid Limburg"]
[WhiteFideId "257257"]
[BlackFideId "16222474"]
[EventDate "2023.09.16"]
[EventType "team"]

1. d4 a6 2. e4 c6 3. Nc3 d5 4. Nf3 Bg4 5. Qd3 e6 6. Ne5 dxe4 7. Nxe4 Bf5 8. g4
Bxe4 9. Qxe4 Nf6 10. Qf4 Qd5 11. Rg1 Nbd7 12. Bc4 Qa5+ 13. Bd2 Bb4 14. O-O-O
Bxd2+ 15. Rxd2 Nxe5 16. dxe5 Nd5 17. Qe4 b5 18. Bb3 O-O 19. Rd3 Rad8 20. Rgd1 c5
21. c4 bxc4 22. Bxc4 Rb8 23. Ra3 Qb6 24. Rb3 Qa5 25. Rxb8 Rxb8 26. Bxd5 exd5 27.
Qxd5 h6 28. e6 fxe6 29. Qxe6+ Kh8 30. Qe5 Qb5 31. Qc3 Qa4 32. g5 Qf4+ 33. Qe3
hxg5 34. Qxf4 gxf4 35. Rd6 Re8 36. Kd2 f3 37. Kc3 Re2 38. Rd2 Re4 39. Rd8+ Kh7
40. Rf8 Rh4 41. Rxf3 Rxh2 42. Kc4 Rh5 43. Ra3 Rf5 44. f3 g5 45. Rxa6 Rxf3 46.
Kxc5 g4 47. Ra7+ Kg6 48. Ra8 Kg7 1/2-1/2

[Event "Dutch League 2023-24"]
[Site "Netherlands NED"]
[Date "2024.02.03"]
[Round "6.9"]
[White "Wantola, Ivo"]
[Black "Moghaddam, Davoud"]
[Result "1-0"]
[WhiteTitle "FM"]
[WhiteElo "2347"]
[BlackElo "1986"]
[WhiteTeam "Zuid Limburg"]
[BlackTeam "HMC Den Bosch"]
[WhiteFideId "1016067"]
[BlackFideId "1097725"]
[EventDate "2023.09.16"]
[EventType "team"]

1. Nf3 d5 2. d4 Nf6 3. c4 e6 4. Nc3 Be7 5. Bg5 O-O 6. e3 Nbd7 7. Qc2 c6 8. Rd1
a6 9. a3 h6 10. Bh4 Re8 11. h3 Nh5 12. Bxe7 Qxe7 13. g4 Nhf6 14. g5 Nh7 15. gxh6
gxh6 16. Rg1+ Kh8 17. Bd3 f5 18. cxd5 cxd5 19. Bxf5 exf5 20. Nxd5 Qe4 21. Qxe4
Rxe4 22. Nd2 Rh4 23. Ne7 Ng5 24. Ng6+ Kh7 25. Nxh4 Nf6 26. f4 Nf7 27. Rg6 Nd5
28. Kf2 b5 29. Rdg1 1-0

[Event "Dutch League 2023-24"]
[Site "Netherlands NED"]
[Date "2024.02.03"]
[Round "6.10"]
[White "Margarido, Jose Miguel Teixeira"]
[Black "Miesen, Fabian"]
[Result "1/2-1/2"]
[WhiteElo "2079"]
[BlackElo "2177"]
[WhiteTeam "HMC Den Bosch"]
[BlackTeam "Zuid Limburg"]
[WhiteFideId "1914227"]
[BlackFideId "1025791"]
[EventDate "2023.09.16"]
[EventType "team"]

1. c4 c6 2. Nf3 d5 3. g3 Nf6 4. Bg2 Bf5 5. O-O e6 6. cxd5 exd5 7. d3 Be7 8. Nc3
O-O 9. Qb3 Qb6 10. Qc2 Nbd7 11. e4 Bg6 12. Be3 Qa6 13. Nh4 dxe4 14. Nxg6 hxg6
15. dxe4 Ng4 16. Bc1 Rfd8 17. h3 Nge5 18. Rd1 Nc5 19. Bf1 Qa5 20. Be3 Ne6 21.
Kg2 g5 22. Be2 Bc5 23. Bxc5 Qxc5 24. Rxd8+ Rxd8 25. Rd1 Rxd1 1/2-1/2

[Event "Dutch League 2023-24"]
[Site "Netherlands NED"]
[Date "2024.02.03"]
[Round "6.1"]
[White "Pijpers, Arthur"]
[Black "Konijn, Rob"]
[Result "1-0"]
[WhiteTitle "IM"]
[WhiteElo "2466"]
[BlackElo "2110"]
[WhiteTeam "LSG IntelliMagic"]
[BlackTeam "De Waagtoren"]
[WhiteFideId "1019554"]
[BlackFideId "1011278"]
[EventDate "2023.09.16"]
[EventType "team"]

1. e4 e5 2. Nf3 Nc6 3. Bb5 a6 4. Ba4 Nf6 5. O-O Be7 6. Re1 b5 7. Bb3 O-O 8. c3
d5 9. exd5 Nxd5 10. Nxe5 Nxe5 11. Rxe5 c6 12. d4 Bd6 13. Re1 Qh4 14. g3 Qh3 15.
Qf3 Bg4 16. Qg2 Qh5 17. Be3 Rae8 18. Nd2 Re6 19. f3 Nxe3 20. Qf2 Rh6 21. Rxe3
Bd7 22. Ne4 Bc7 23. f4 Bf5 24. Rae1 Bb6 25. Ng5 Rf6 26. Re8 h6 27. Rxf8+ Kxf8
28. Qe3 1-0

[Event "Dutch League 2023-24"]
[Site "Netherlands NED"]
[Date "2024.02.03"]
[Round "6.2"]
[White "Van Liempt, Michael"]
[Black "Van Haastert, Edwin"]
[Result "1/2-1/2"]
[BlackTitle "IM"]
[WhiteElo "2126"]
[BlackElo "2426"]
[WhiteTeam "De Waagtoren"]
[BlackTeam "LSG IntelliMagic"]
[WhiteFideId "1012665"]
[BlackFideId "1003992"]
[EventDate "2023.09.16"]
[EventType "team"]

1. e4 e6 2. d4 d5 3. Bd3 dxe4 4. Bxe4 Nf6 5. Bf3 Be7 6. Ne2 O-O 7. Be3 Nbd7 8.
Nbc3 Nb6 9. Qd3 Nbd5 10. O-O-O c6 11. Kb1 a5 12. g4 a4 13. g5 Nxc3+ 14. Nxc3 Nd5
15. Be4 Nxc3+ 16. bxc3 Bxg5 17. Bxh7+ Kh8 18. Rhg1 Bxe3 19. Qxe3 Qh4 20. Bd3 Qh6
21. f4 Ra5 22. Rg3 Rh5 23. Rdg1 Rg8 24. Kb2 Rxh2 25. Qe5 Rh4 26. Qc7 g6 27. Qxf7
Qxf4 28. Qxf4 Rxf4 29. Rh1+ Kg7 30. Rxg6+ Kf8 31. Rh7 Rf7 32. Rxf7+ Kxf7 33.
Rxg8 Kxg8 34. Ka3 Kf7 35. Kxa4 b6 36. Kb4 Ke7 37. a4 Kd6 38. Be4 Bd7 39. a5 Kc7
40. a6 Kb8 41. Bd3 Ka7 42. Bc4 Bc8 43. Ka3 Bd7 44. Kb2 b5 45. Be2 Kxa6 46. Ka3
Ka5 47. Bf3 Be8 48. Be4 Kb6 49. Kb4 Bh5 50. c4 bxc4 51. Kxc4 Bg4 52. Kb4 Bf5 53.
Bd3 Bxd3 54. cxd3 Kb7 55. Kc4 1/2-1/2

[Event "Dutch League 2023-24"]
[Site "Netherlands NED"]
[Date "2024.02.03"]
[Round "6.3"]
[White "Van der Werf, Mark"]
[Black "Bakker, Tycho"]
[Result "1-0"]
[WhiteTitle "IM"]
[WhiteElo "2401"]
[BlackElo "1940"]
[WhiteTeam "LSG IntelliMagic"]
[BlackTeam "De Waagtoren"]
[WhiteFideId "1000470"]
[BlackFideId "1077023"]
[EventDate "2023.09.16"]
[EventType "team"]

1. d4 d5 2. c4 e6 3. Nc3 Bb4 4. e3 Nf6 5. a3 Bxc3+ 6. bxc3 c5 7. cxd5 exd5 8.
Bd3 O-O 9. f3 b6 10. Ne2 Ba6 11. O-O Re8 12. Ng3 h5 13. Ra2 Bxd3 14. Qxd3 Nc6
15. Re2 Qd7 16. Bb2 Rad8 17. Rd1 h4 18. Nf5 h3 19. e4 c4 20. Qc2 dxe4 21. fxe4
Ne5 22. Rf1 Nd3 23. e5 Nd5 24. Bc1 Qe6 25. g3 Rd7 26. a4 f6 27. Nd6 Nxc3 28.
Nxe8 Nxe2+ 29. Qxe2 Qxe8 30. e6 Rxd4 31. e7 Ne5 32. Ba3 Rd3 33. Qxe5 Rxa3 34.
Qe6+ Kh7 35. Qxh3+ Kg8 36. Qe6+ Kh7 37. Qe4+ Kg8 38. Qd5+ Kh7 39. Qd8 Qg6 40.
e8=Q Rxg3+ 41. Kh1 Qg4 42. Qh8+ Kg6 43. Qde8+ 1-0

[Event "Dutch League 2023-24"]
[Site "Netherlands NED"]
[Date "2024.02.03"]
[Round "6.4"]
[White "Geerke, Daan"]
[Black "De Jong, Jan-Willem"]
[Result "0-1"]
[BlackTitle "IM"]
[WhiteElo "2071"]
[BlackElo "2408"]
[WhiteTeam "De Waagtoren"]
[BlackTeam "LSG IntelliMagic"]
[WhiteFideId "1304526"]
[BlackFideId "1008641"]
[EventDate "2023.09.16"]
[EventType "team"]

1. d4 Nf6 2. Nf3 d5 3. Bf4 c5 4. e3 Nc6 5. c3 e6 6. Nbd2 cxd4 7. exd4 Nh5 8. Be3
Bd6 9. Ne5 g6 10. Bb5 O-O 11. Bh6 Ng7 12. Ndf3 Qc7 13. Ng4 f6 14. O-O Bd7 15.
Ne3 Rf7 16. Bxg7 Rxg7 17. c4 a6 18. Ba4 dxc4 19. Nxc4 Bf8 20. Ne3 b5 21. Bb3 Na5
22. d5 Nxb3 23. Qxb3 Qd6 24. Rfd1 e5 25. a4 bxa4 26. Qa2 Rb8 27. Nd2 Rf7 28.
Rac1 Qb4 29. Ndc4 Bh6 30. Qa3 Rff8 31. Qxb4 Rxb4 32. Nd6 Rd4 0-1

[Event "Dutch League 2023-24"]
[Site "Netherlands NED"]
[Date "2024.02.03"]
[Round "6.5"]
[White "Willemze, Thomas"]
[Black "De Rover, Yong Hoon"]
[Result "0-1"]
[WhiteTitle "IM"]
[BlackTitle "IM"]
[WhiteElo "2317"]
[BlackElo "2317"]
[WhiteTeam "LSG IntelliMagic"]
[BlackTeam "De Waagtoren"]
[WhiteFideId "1007238"]
[BlackFideId "1010298"]
[EventDate "2023.09.16"]
[EventType "team"]

1. e4 e6 2. d4 d5 3. Nc3 Bb4 4. Ne2 Nc6 5. a3 Ba5 6. b4 Bb6 7. Bb2 Nge7 8. Qd3
O-O 9. Rd1 Re8 10. Na4 f6 11. Ng3 a6 12. Be2 Ng6 13. Nh5 Ba7 14. O-O Nce7 15. e5
fxe5 16. dxe5 Bd7 17. Nc3 Rf8 18. Qh3 Qe8 19. Bg4 Nf5 20. Ne2 Nh6 21. Nd4 Nxg4
22. Qxg4 Qf7 23. f4 Kh8 24. Kh1 Nxe5 25. Qe2 Nc4 26. Ba1 Rae8 27. Nxg7 Qxg7 28.
Nf3 Rf6 29. Ng5 Ne3 30. Qh5 Ref8 31. Rd3 Nxf1 32. Rh3 d4 33. Nxh7 Kg8 34. Nxf8
Kxf8 35. Qf3 Bc6 36. Qxf1 Rg6 0-1

[Event "Dutch League 2023-24"]
[Site "Netherlands NED"]
[Date "2024.02.03"]
[Round "6.6"]
[White "Agter, Frank"]
[Black "Van Wessel, Rudy"]
[Result "0-1"]
[BlackTitle "IM"]
[WhiteElo "2244"]
[BlackElo "2365"]
[WhiteTeam "De Waagtoren"]
[BlackTeam "LSG IntelliMagic"]
[WhiteFideId "1017349"]
[BlackFideId "1004395"]
[EventDate "2023.09.16"]
[EventType "team"]

1. c4 e5 2. g3 Nc6 3. Bg2 f5 4. Nc3 Nf6 5. Nf3 g6 6. O-O Bg7 7. b4 e4 8. Ng5
Nxb4 9. d3 exd3 10. Ba3 a5 11. Qa4 O-O 12. Bxb4 axb4 13. Qxa8 bxc3 14. exd3 d5
15. Rac1 c6 16. Rfe1 dxc4 17. dxc4 Qd4 18. Nf3 Qxc4 19. Bf1 Qc5 20. Qa4 Nd5 21.
Qc4 Qd6 22. Red1 f4 23. Nd4 Kh8 24. Nb5 Qf6 25. Qe2 Qg5 26. Bg2 Bg4 27. f3 Bd7
28. Nc7 fxg3 29. Nxd5 cxd5 30. f4 Rxf4 31. Rxd5 Rf5 32. Rcd1 gxh2+ 33. Kh1 Bc6
34. Rxf5 Qxf5 35. Bxc6 bxc6 36. Rd8+ Bf8 37. Qc4 c2 38. Qc3+ Kg8 39. Qc4+ Kg7
40. Qc3+ Kh6 41. Qe3+ g5 42. Rxf8 Qxf8 43. Qh3+ Kg6 44. Qe6+ Kg7 45. Qd7+ Qf7
46. Qd4+ Kh6 47. Qd6+ Qg6 48. Qf8+ Kh5 49. Qf3+ g4 50. Qf4 g3 51. Qf3+ Kh4 0-1

[Event "Dutch League 2023-24"]
[Site "Netherlands NED"]
[Date "2024.02.03"]
[Round "6.7"]
[White "Vogt, Andreas"]
[Black "De Ruiter, Danny"]
[Result "1/2-1/2"]
[WhiteTitle "FM"]
[BlackTitle "FM"]
[WhiteElo "2291"]
[BlackElo "2251"]
[WhiteTeam "LSG IntelliMagic"]
[BlackTeam "De Waagtoren"]
[WhiteFideId "4629434"]
[BlackFideId "1020650"]
[EventDate "2023.09.16"]
[EventType "team"]

1. d4 Nf6 2. c4 g6 3. Nc3 d5 4. cxd5 Nxd5 5. e4 Nxc3 6. bxc3 Bg7 7. Nf3 c5 8.
Bb5+ Bd7 9. Be2 O-O 10. O-O cxd4 11. cxd4 Bc6 12. Qd3 Nd7 13. Rb1 b6 14. Bg5 Nf6
15. d5 Bb7 16. Rbc1 Rc8 17. Rxc8 Qxc8 18. Rc1 Qb8 19. Qe3 Rc8 20. Bd3 Rxc1+ 21.
Qxc1 Qd8 22. Qc4 h6 23. Be3 Nd7 24. h3 Qb8 25. Qc1 h5 26. Qa3 Bf8 27. Qc3 Bg7
28. Qa3 Bf8 29. Qc3 Bg7 30. Qa3 Bf8 1/2-1/2

[Event "Dutch League 2023-24"]
[Site "Netherlands NED"]
[Date "2024.02.03"]
[Round "6.8"]
[White "Reinderman, Dimitri"]
[Black "Jens, Jelmer"]
[Result "1-0"]
[WhiteTitle "GM"]
[BlackTitle "IM"]
[WhiteElo "2573"]
[BlackElo "2358"]
[WhiteTeam "De Waagtoren"]
[BlackTeam "LSG IntelliMagic"]
[WhiteFideId "1001302"]
[BlackFideId "1007394"]
[EventDate "2023.09.16"]
[EventType "team"]

1. c4 f5 2. Nc3 Nf6 3. d4 d6 4. Nf3 g6 5. b4 Bg7 6. Bb2 O-O 7. e3 e6 8. Be2 Qe7
9. O-O Nc6 10. Qb3 Nd8 11. Rac1 Nf7 12. Rfe1 Bd7 13. Bd3 e5 14. e4 f4 15. dxe5
dxe5 16. Nd5 Nxd5 17. exd5 g5 18. c5 Rae8 19. Nd2 g4 20. Ne4 Kh8 21. b5 Qh4 22.
Ba3 Rg8 23. d6 Nd8 24. dxc7 Ne6 25. Nd6 Rgf8 26. Nxe8 Rxe8 27. Qd5 1-0

[Event "Dutch League 2023-24"]
[Site "Netherlands NED"]
[Date "2024.02.03"]
[Round "6.9"]
[White "Van Ketel, Raoul"]
[Black "Keetman, Maaike"]
[Result "1-0"]
[WhiteTitle "FM"]
[BlackTitle "WFM"]
[WhiteElo "2231"]
[BlackElo "2118"]
[WhiteTeam "LSG IntelliMagic"]
[BlackTeam "De Waagtoren"]
[WhiteFideId "1004883"]
[BlackFideId "1033697"]
[EventDate "2023.09.16"]
[EventType "team"]

1. d4 Nf6 2. c4 e6 3. Nc3 Bb4 4. f3 c5 5. d5 d6 6. e4 b5 7. Bd2 exd5 8. cxd5 a6
9. a4 bxa4 10. Rxa4 O-O 11. Nge2 Nbd7 12. Ng3 a5 13. Be2 c4 14. O-O Qb6+ 15. Kh1
Ne5 16. Ra2 h5 17. Bg5 Nh7 18. Na4 Qc7 19. Be3 h4 20. Nh5 g6 21. Nf4 Rb8 22. Bd4
Nf6 23. Qc1 Nfd7 24. Nh3 Qd8 25. Qh6 Nf6 26. Ng5 Re8 27. f4 Neg4 28. Qxh4 1-0

[Event "Dutch League 2023-24"]
[Site "Netherlands NED"]
[Date "2024.02.03"]
[Round "6.10"]
[White "Van Tellingen, Frank"]
[Black "Bosman, Michiel"]
[Result "1-0"]
[WhiteTitle "FM"]
[BlackTitle "IM"]
[WhiteElo "2275"]
[BlackElo "2341"]
[WhiteTeam "De Waagtoren"]
[BlackTeam "LSG IntelliMagic"]
[WhiteFideId "1011421"]
[BlackFideId "1000721"]
[EventDate "2023.09.16"]
[EventType "team"]

1. e4 e6 2. d4 d5 3. Nc3 Bb4 4. exd5 exd5 5. Bd3 Nf6 6. Ne2 O-O 7. O-O h6 8. Ng3
Re8 9. Nce2 b6 10. c3 Bf8 11. b4 c6 12. a4 Nbd7 13. a5 Bb7 14. Qc2 Nb8 15. axb6
axb6 16. Rxa8 Bxa8 17. Nf5 Nbd7 18. Neg3 b5 19. Qd1 Bb7 20. Bc2 Bc8 21. Qd3 Re6
22. Nh5 Kh8 23. Nf4 Re8 24. Nh5 Re6 25. g4 Qb6 26. Nf4 Re8 27. Qh3 Nh7 28. Qh5
Kg8 29. Nxh6+ gxh6 30. Bxh7+ Kg7 31. Bf5 Nf6 32. Qxh6+ Kxh6 33. Nh5+ 1-0

[Event "Dutch League 2023-24"]
[Site "Netherlands NED"]
[Date "2024.03.02"]
[Round "7.1"]
[White "Smeets, Jan"]
[Black "Kramer, Julian"]
[Result "0-1"]
[WhiteTitle "GM"]
[BlackTitle "IM"]
[WhiteElo "2539"]
[BlackElo "2470"]
[WhiteTeam "LSG IntelliMagic"]
[BlackTeam "Groninger Combinatie"]
[WhiteFideId "1007246"]
[BlackFideId "12921742"]
[EventDate "2023.09.16"]
[EventType "team"]

1. e4 c5 2. Nf3 d6 3. Bb5+ Bd7 4. Bxd7+ Qxd7 5. O-O Nc6 6. c3 Nf6 7. Qe2 e6 8.
d4 cxd4 9. cxd4 d5 10. e5 Ne4 11. Be3 Be7 12. Ne1 f6 13. f3 Ng5 14. Nd3 b6 15.
Nd2 O-O 16. Bf2 Rac8 17. f4 Ne4 18. exf6 Bxf6 19. Nxe4 dxe4 20. Qxe4 Bxd4 21.
Rad1 Qd5 22. Qxd5 exd5 23. g3 Bf6 24. Kg2 Kf7 25. Rd2 g6 26. Bg1 Ne7 27. Nb4
Rfd8 28. Rfd1 h5 29. Kf3 Rd6 30. h3 Rcd8 31. g4 d4 32. Rc1 R8d7 33. Bf2 a5 34.
Nd3 hxg4+ 35. hxg4 Nc6 36. a3 a4 37. Rc4 b5 38. Rc5 Rb7 39. Bg3 Re6 40. Re2 Rxe2
41. Kxe2 Na5 42. Bf2 Nc4 43. Kd1 Nd6 44. Rc6 Nc4 45. g5 Bg7 46. Ke2 Re7+ 47. Kf3
Nd2+ 48. Kg4 Nc4 49. Kf3 Nd2+ 50. Kg4 Nc4 51. f5 Re4+ 52. Kh3 gxf5 53. g6+ Ke7
54. Nc5 Be5 55. Bh4+ Kf8 56. Ne6+ Ke8 57. g7 Kf7 58. Rc8 Re3+ 59. Kg2 Bxg7 60.
Nxg7 Kxg7 61. Bf2 Re2 62. Kf1 Rd2 63. Rd8 d3 64. Bd4+ Kf7 65. Bc3 Rd1+ 66. Kf2
d2 0-1

[Event "Dutch League 2023-24"]
[Site "Netherlands NED"]
[Date "2024.03.02"]
[Round "7.2"]
[White "Ernst, Sipke"]
[Black "Nikolic, Predrag"]
[Result "0-1"]
[WhiteTitle "GM"]
[BlackTitle "GM"]
[WhiteElo "2523"]
[BlackElo "2535"]
[WhiteTeam "Groninger Combinatie"]
[BlackTeam "LSG IntelliMagic"]
[WhiteFideId "1004689"]
[BlackFideId "14400014"]
[EventDate "2023.09.16"]
[EventType "team"]

1. d4 Nf6 2. c4 e6 3. g3 Bb4+ 4. Bd2 a5 5. Bg2 O-O 6. Nf3 d5 7. O-O dxc4 8. Bc3
Ra6 9. a4 c6 10. Ne5 b5 11. Qc2 Nd5 12. e4 Nxc3 13. bxc3 Be7 14. Nd2 Nd7 15. Ng4
Nb6 16. e5 Nxa4 17. Ne3 Nb6 18. Bxc6 Bd7 19. Be4 h6 20. f4 f5 21. exf6 Bxf6 22.
Nf3 Be8 23. Ne5 Nd5 24. Ng2 Ra7 25. Rae1 Bxe5 26. dxe5 Qb6+ 27. Rf2 Qc5 28. f5
exf5 29. Bxd5+ Qxd5 30. Nf4 Qc6 31. Ne2 Qe4 32. Qxe4 fxe4 33. Nd4 b4 34. Nc2 Rb7
35. Rxe4 b3 36. Na3 b2 0-1

[Event "Dutch League 2023-24"]
[Site "Netherlands NED"]
[Date "2024.03.02"]
[Round "7.3"]
[White "Pijpers, Arthur"]
[Black "Tiviakov, Sergei"]
[Result "1/2-1/2"]
[WhiteTitle "IM"]
[BlackTitle "GM"]
[WhiteElo "2466"]
[BlackElo "2552"]
[WhiteTeam "LSG IntelliMagic"]
[BlackTeam "Groninger Combinatie"]
[WhiteFideId "1019554"]
[BlackFideId "1008013"]
[EventDate "2023.09.16"]
[EventType "team"]

1. e4 d5 2. exd5 Qxd5 3. Nc3 Qd6 4. d4 Nf6 5. Nf3 c6 6. Ne5 Nbd7 7. f4 a6 8. Bc4
e6 9. Be3 Nb6 10. Bb3 Be7 11. Qf3 Nbd5 12. Bf2 O-O 13. O-O b5 14. Rae1 1/2-1/2